01383nab a22002657a 4500999001500000003000400015005001700019008004100036040000700077100002600084245008900110260007300199300001500272500003500287505026000322505013100582505008100713650002300794650003500817650003100852650002300883650003800906773016000944942001301104 c6439d6439OSt20260203105459.0190429b xxu||||| |||| 00| 0 spa d cPJ 96552aSalvatori, Rita13aEl derecho de la víctima menor de edad a permanecer en silencio /cRita Salvatori. cCiudad Autónoma de Buenos Aires :aThomson Reuters La Ley, b2023. ap. 110-130 aCita Online: AR/DOC/2694/2023. aSumario: I. Introducción.— II. Reseña del caso.— III. Derecho a ser escuchado. Derecho a permanecer en silencio.— IV. Interacción entre el derecho a ser escuchado y el interés superior.— V. Consideraciones finales.— VI. Bibliografía.  aFallo comentado: CS ~ 29/08/2023 ~ G., G. E. s/ abuso sexual agravado por la convivencia y el parentesco causa n° 19837/14. tSi te interesa el texto completo, solicitalo a koha@justierradelfuego.gov.ar 09343aDERECHO PENAL 094885aDERECHOS DE LA VÍCTIMA 094378aDERECHO A SER OÍDO 092903aABUSO SEXUAL 094097aINTERES SUPERIOR DEL NIÑO0 0265893164tRevista de derecho penal y criminología. Nº 11 - Diciembre 2023dCiudad Autónoma de Buenos Aires : Thomson Reuters La Ley, 2017-x00347914 2udccANA